000 00357 a2200169 4500
001 163085
020 _a978-85-2504-813-4
040 _cMagnum
100 _aLobato, Monteiro
240 1 0 _aMemorias da emilia
_lpor
245 1 0 _aMemorias da emilia
300 _a90
362 0 _a2009
440 1 _aGlobo
697 _aLITERATURA INFANTO
942 _cBK
999 _c163085
_d163085